000 00503nam a2200181Ia 4500
999 _c30061
_d30061
003 OSt
005 20201230104549.0
008 190216s9999||||xx |||||||||||||| ||und||
020 _a9789382581215
040 _coclc
082 _a894.8128
_bAKB/J
100 _aAkbar, M M
_92026
245 0 _aJihad Sahanavum Samaravum /
_cM M Akbar
260 _bDa`Wa Books,
_c2012.
_aCalicut:
300 _a290p
650 _aMalayalam
942 _cBK
_2ddc
_h894.8128
_iAKB/J
_k894.8128
_mAKB/J